| 000 | 00360 a2200157 4500 | ||
|---|---|---|---|
| 001 | 188622 | ||
| 020 | _a85-250-2700-6 | ||
| 040 | _cMagnum | ||
| 100 | _aSowler, Sandie | ||
| 240 | 1 | 0 |
_aMundo incrÃvel: disfarces dos animais _lpor |
| 245 | 1 | 0 | _aMundo incrÃvel: disfarces dos animais |
| 300 | _a29 | ||
| 440 | 1 | _aGlobo | |
| 697 | _aZOOLOGIA | ||
| 942 | _cBK | ||
| 999 |
_c188622 _d188622 |
||